000 00267nam a22001097a 4500
999 _c8048
_d8048
008 200703b ||||| |||| 00| 0 eng d
020 _a9787560960418
082 _a720.47
245 _aArchManual : ecology + sustainable + city future
260 _aChaina
942 _2ddc